Statistics for Organiske Reaksjonstyper

Click here to take the quiz!

General Stats

  • This quiz has been taken 8 times
  • The average score is 5 of 6

Answer Stats

Hva skjer?Navn% Correct
Et molekyl legges til et annet molekyl og danner et større molekyl.Addisjonsreaksjon
100%
Et molekyl fjernes fra et større molekyl. Det store molekylet får en dobbeltbinding.Eliminasjonsreaksjon
83%
Et molekyl tar opp i seg et vannmolekyl og deretter spaltes i to molekyler.Hydrolyse
83%
Det foregår både en oksidasjon og en reduksjon.Redoksreaksjon
83%
Et atom/en atomgruppe erstattes med en annen.Substitusjonsreaksjon
83%
To molekyler reagerer og går sammen mens et mindre molekyl spaltes av.Kondensasjonsreaksjon
67%

Score Distribution

Percentile by Number Answered

Percent of People with Each Score

Your Score History

You have not taken this quiz